[Event "HUN-chT 1415"]
[Site "Hungary"]
[Date "2015.04.26"]
[Round "9.5"]
[White "Zambo, Zoltan"]
[Black "Petrik, Tomas"]
[Result "0-1"]
[WhiteElo "2382"]
[BlackElo "2495"]
[PlyCount "232"]
[EventDate "2014.10.12"]
[EventType "team-tourn"]
[EventRounds "9"]
[EventCountry "HUN"]
[SourceTitle "EXT 2016"]
[Source "ChessBase"]
[SourceDate "2015.10.08"]
[SourceVersion "1"]
[SourceVersionDate "2015.10.08"]
[SourceQuality "1"]
[WhiteTeam "Mako"]
[BlackTeam "HVSE Infraplan"]
[WhiteTeamCountry "HUN"]
[BlackTeamCountry "HUN"]

1. Nf3 Nf6 2. b3 b6 3. Bb2 e6 4. g3 Bb7 5. Bg2 Be7 6. 0-0 0-0 7. c4 c5 8. Nc3 a6 9. Rc1 b5 10. d4 cxd4 11. Qxd4 Nc6 12. Qf4 Nh5 13. Qg4 Nf6 14. Qf4 bxc4 15. Qxc4 d5 16. Qf4 Qa5 17. a3 Rfc8 18. b4 Qd8 19. Rfd1 Nd7 20. Na4 Qe8 21. Qe3 Rab8 22. Bh3 Ba8 23. Ba1 a5 24. bxa5 Nxa5 25. Rxc8 Rxc8 26. Qa7 Nc4 27. Nd4 Nc5 28. Nb6 Nxb6 29. Qxb6 Rb8 30. Qc7 Ne4 31. e3 Bd6 32. Qa7 Bc5 33. Qc7 Rb7 34. Qa5 Ra7 35. Qb5 Qxb5 36. Nxb5 Ra5 37. Rb1 Nd2 38. Bc3 Nxb1 39. Bxa5 Nxa3 40. Bf1 Bc6 41. Nxa3 Bxa3 42. Bc3 Bc5 43. Bd3 f6 44. Kf1 Kf7 45. Ke2 h5 46. h3 e5 47. f3 Bd7 48. g4 g6 49. e4 d4 50. Bd2 Bd6 51. Kf2 Ke7 52. Ba5 Be8 53. Bd2 Bf7 54. Ke2 Be6 55. Kf2 Bf7 56. Ke2 Kd7 57. Bb5+ Kc7 58. Ba5+ Kc8 59. Kd3 Bf8 60. Ba6+ Kd7 61. Bb5+ Kc8 62. Ba6+ Kb8 63. Bb6 Be7 64. Kc2 Be6 65. Kd2 h4 66. Ke2 f5 67. Bb5 fxe4 68. fxe4 Kb7 69. Ba5 Bb3 70. Bd2 Kb6 71. Bd3 Kc5 72. Bc1 Kb4 73. Bd2+ Ka3 74. Bc1+ Ka2 75. Bb5 Kb1 76. Bd2 Bc2 77. Bd3 Kb2 78. Ba5 Bg5 79. Bc7 Bf4 80. Ba5 Kc1 81. Bb4 Bd1+ 82. Kf1 Bc2 83. Ke2 Bd1+ 84. Kf1 Bg3 85. Ba5 Bc2 86. Ke2 Bd1+ 87. Kf1 Ba4 88. Ke2 Bf4 89. Bb4 Kb2 90. Be1 g5 91. Ba5 Kc1 92. Bb4 Bd1+ 93. Kf1 Bg3 94. Ba5 Bf3 95. Bb4 Kd1 96. Ba5 Bh2 97. Bb4 Bg3 98. Ba5 Bf4 99. Kf2 Bh1 100. Kf1 Bd2 101. Bd8 Bc1 102. Ba5 Bb2 103. Kg1 Bf3 104. Kf2 Bh1 105. Kg1 Bc3 106. Bd8 Kd2 107. Bb1 Bf3 108. Kf2 Be2 109. Bxg5+ Kd1 110. Bh6 d3 111. Ba2 Bd4+ 112. Kg2 Kc2 113. Bc4 Kc3 114. Bb5 Bd1 115. g5 d2 116. g6 Bf3+ 0-1

[Event "HUN-chT 1415"]
[Site "Hungary"]
[Date "2015.02.08"]
[Round "6.2"]
[White "Prohaszka, Peter"]
[Black "Zambo, Zoltan"]
[Result "1-0"]
[WhiteElo "2588"]
[BlackElo "2382"]
[PlyCount "109"]
[EventDate "2014.10.12"]
[EventType "team-tourn"]
[EventRounds "9"]
[EventCountry "HUN"]
[SourceTitle "EXT 2016"]
[Source "ChessBase"]
[SourceDate "2015.10.08"]
[SourceVersion "1"]
[SourceVersionDate "2015.10.08"]
[SourceQuality "1"]
[WhiteTeam "Aquaprofit"]
[BlackTeam "Mako"]
[WhiteTeamCountry "HUN"]
[BlackTeamCountry "HUN"]

1. d4 Nf6 2. c4 g6 3. g3 Bg7 4. Bg2 d5 5. Nf3 dxc4 6. Na3 Nc6 7. Nxc4 Be6 8. b3 Bd5 9. 0-0 0-0 10. e3 Ne4 11. Bb2 Nd6 12. Qe2 Re8 13. Rac1 a5 14. a4 Nb4 15. Rfd1 c6 16. Ba3 f6 17. Qe1 b5 18. Bxb4 axb4 19. axb5 cxb5 20. Nxd6 Qxd6 21. Nd2 Bxg2 22. Kxg2 Rec8 23. Nf3 e6 24. e4 Bh6 25. Rxc8+ Rxc8 26. Qe2 Rc3 27. Qxb5 Rxb3 28. Qe8+ Bf8 29. Rc1 Rc3 30. Rxc3 bxc3 31. Qc8 Qb4 32. Qxe6+ Kg7 33. e5 Be7 34. d5 fxe5 35. Qxe5+ Bf6 36. Qc7+ Be7 37. d6 Qxd6 38. Qxc3+ Bf6 39. Qc4 Qe7 40. Qd5 Qd8 41. Qe4 Qd6 42. h4 Bd8 43. Ng1 Be7 44. Nh3 Bf6 45. Nf4 Qe7 46. Qc6 Be5 47. Ne6+ Kf7 48. Ng5+ Kg7 49. Qd5 Bf6 50. Ne6+ Kf7 51. Nf4+ Kg7 52. Kh3 Be5 53. Ne6+ Kf6 54. Nd8 Bc7 55. Qg5+ 1-0

[Event "HUN-chT 1415"]
[Site "Hungary"]
[Date "2014.12.14"]
[Round "4.4"]
[White "Izsak, Gyula"]
[Black "Zambo, Zoltan"]
[Result "1/2-1/2"]
[WhiteElo "2444"]
[BlackElo "2382"]
[PlyCount "28"]
[EventDate "2014.10.12"]
[EventType "team-tourn"]
[EventRounds "9"]
[EventCountry "HUN"]
[SourceTitle "EXT 2016"]
[Source "ChessBase"]
[SourceDate "2015.10.08"]
[SourceVersion "1"]
[SourceVersionDate "2015.10.08"]
[SourceQuality "1"]
[WhiteTeam "MLTC"]
[BlackTeam "Mako"]
[WhiteTeamCountry "HUN"]
[BlackTeamCountry "HUN"]

1. d4 Nf6 2. c4 g6 3. Nf3 Bg7 4. g3 d5 5. cxd5 Nxd5 6. Bg2 Nb6 7. Nc3 Nc6 8. e3 e5 9. d5 Ne7 10. e4 Bg4 11. Qb3 c6 12. h3 Bxf3 13. Bxf3 cxd5 14. Nxd5 Nexd5 1/2-1/2

[Event "HUN-chT 1415"]
[Site "Hungary"]
[Date "2014.11.30"]
[Round "3.3"]
[White "Zambo, Zoltan"]
[Black "Horvath, David G"]
[Result "0-1"]
[WhiteElo "2382"]
[BlackElo "2362"]
[PlyCount "106"]
[EventDate "2014.10.12"]
[EventType "team-tourn"]
[EventRounds "9"]
[EventCountry "HUN"]
[SourceTitle "CBM 163 Extra"]
[Source "ChessBase"]
[SourceDate "2014.12.23"]
[SourceVersion "1"]
[SourceVersionDate "2014.12.23"]
[SourceQuality "1"]
[WhiteTeam "Mako"]
[BlackTeam "Dunaharaszti"]
[WhiteTeamCountry "HUN"]
[BlackTeamCountry "HUN"]

1. Nf3 Nf6 2. b3 d5 3. Bb2 Bf5 4. g3 e6 5. Bg2 Be7 6. d3 0-0 7. Nbd2 a5 8. a4 h6 9. Ne5 c6 10. 0-0 Bh7 11. e4 dxe4 12. dxe4 Nbd7 13. Qe2 Nxe5 14. Bxe5 Nd7 15. Bb2 Qc7 16. Rad1 Rad8 17. Nc4 b5 18. axb5 cxb5 19. Na3 Bxa3 20. Bxa3 b4 21. Bb2 Nf6 22. f3 Rc8 23. Rd2 Rfd8 24. Rfd1 Rxd2 25. Rxd2 a4 26. bxa4 Qa7+ 27. Qf2 Qxa4 28. Qb6 Bg6 29. Bf1 Kh7 30. Qb5 Qa7+ 31. Bd4 Qe7 32. Bf2 Rc3 33. Be2 e5 34. Bb6 Nh5 35. Kg2 Qg5 36. Rd8 Rxc2 37. Kf2 f6 38. Be3 Nf4 39. gxf4 Qh4+ 40. Kf1 Qxh2 41. Qd3 Qh1+ 42. Kf2 b3 43. Bd2 Qh2+ 44. Ke1 Qg1+ 45. Bf1 Bf7 46. Rd5 Ra2 47. Qb1 Qg3+ 48. Ke2 Bxd5 49. exd5+ g6 50. Qd3 Qh2+ 51. Ke3 Qxf4+ 52. Ke2 Qxd2+ 53. Qxd2 b2 0-1

[Event "Tatry op"]
[Site "Tatranske Zruby"]
[Date "2014.10.01"]
[Round "5"]
[White "Zambo, Zoltan"]
[Black "Tropp, Oliver"]
[Result "1/2-1/2"]
[WhiteElo "2382"]
[BlackElo "2048"]
[PlyCount "79"]
[EventDate "2014.09.28"]
[EventType "swiss"]
[EventRounds "9"]
[EventCountry "SVK"]
[SourceTitle "CBM 162 Extra"]
[Source "ChessBase"]
[SourceDate "2014.10.17"]
[SourceVersion "1"]
[SourceVersionDate "2014.10.17"]
[SourceQuality "1"]

1. d4 d5 2. Nf3 c6 3. Bf4 Nf6 4. e3 Bg4 5. h3 Bxf3 6. Qxf3 e6 7. Bd3 Bd6 8. Nd2 Qc7 9. Qg3 Ke7 10. Be5 Bxe5 11. dxe5 Nfd7 12. f4 g6 13. 0-0 Nc5 14. Qh4+ Kd7 15. Nb3 Nba6 16. Bxa6 Nxa6 17. e4 Qd8 18. Qg3 Qb6+ 19. Kh1 Rac8 20. f5 Kc7 21. fxe6 fxe6 22. Qg4 dxe4 23. Qxe6 Kb8 24. Rae1 Nc7 25. Qc4 e3 26. Nc5 Ka8 27. Rxe3 Ne6 28. b4 Nxc5 29. bxc5 Qa5 30. e6 Qd2 31. Rfe1 Qd5 32. Qb4 Rhe8 33. e7 Qg5 34. Qd4 Qd5 35. Qg4 a6 36. Rd3 Qf5 37. Qxf5 gxf5 38. Rd7 Kb8 39. Red1 Rg8 40. Rd8 1/2-1/2